Market timing for the nineties : (Record no. 345582)

000 -LEADER
fixed length control field 00937 a2200217 4500
020 ## - INTERNATIONAL STANDARD BOOK NUMBER
International Standard Book Number 0887306411
020 ## - INTERNATIONAL STANDARD BOOK NUMBER
International Standard Book Number 9780887306419
082 04 - DEWEY DECIMAL CLASSIFICATION NUMBER
Classification number 332.6322
090 ## - LOCALLY ASSIGNED LC-TYPE CALL NUMBER (OCLC); LOCAL CALL NUMBER (RLIN)
-- 3093
-- 3093
100 1# - MAIN ENTRY--PERSONAL NAME
Personal name Leeb, Stephen.
245 10 - TITLE STATEMENT
Title Market timing for the nineties :
Remainder of title the five key signals for when to buy, hold, and sell /
Statement of responsibility, etc. Stephen Leeb.
250 ## - EDITION STATEMENT
Edition statement 1st ed.
260 ## - PUBLICATION, DISTRIBUTION, ETC.
Place of publication, distribution, etc. [S.l.] :
Name of publisher, distributor, etc. Harpercollins,
Date of publication, distribution, etc. 1993.
300 ## - PHYSICAL DESCRIPTION
Extent 256 p. ;
Dimensions 24 cm.
500 ## - GENERAL NOTE
General note Hardcover.
520 ## - SUMMARY, ETC.
Summary, etc. Introduces five specific indicators for evaluating the stock market that can be used by investors to assess financial possibilities in any economic environment. 25,000 first printing. $25,000 ad/promo. Tour.
700 1# - ADDED ENTRY--PERSONAL NAME
Personal name Conrad, Roger S.
856 40 - ELECTRONIC LOCATION AND ACCESS
Materials specified Amazon.com
Uniform Resource Identifier <a href="http://www.amazon.com/exec/obidos/ASIN/0887306411/chopaconline-20">http://www.amazon.com/exec/obidos/ASIN/0887306411/chopaconline-20</a>
856 40 - ELECTRONIC LOCATION AND ACCESS
Materials specified Amazon customer reviews
Uniform Resource Identifier <a href="http://www.chopac.org/cgi-bin/tools/azrev.pl?q=0887306411">http://www.chopac.org/cgi-bin/tools/azrev.pl?q=0887306411</a>
942 ## - ADDED ENTRY ELEMENTS (KOHA)
Institution code [OBSOLETE] NBS
Koha item type Book
Call number prefix 332.6322 LEE
Holdings
Withdrawn status Lost status Damaged status Not for loan Permanent Location Current Location Date acquired Total Checkouts Total Renewals Full call number Barcode Date last seen Date last checked out Price effective from Koha item type
        Central Library (CL) Central Library (CL) 08/28/2013 3 4 332.6322 LEE NBS80 01/14/2025 08/08/2023 08/28/2013 Book
© 2023 Central Library, National University of Sciences and Technology. All Rights Reserved.